Catalogue of Sanskrit manuscripts in the Deccan College Postgraduate and Research Institute, Poona. (Record no. 69803)
[ view plain ]
| 000 -LEADER | |
|---|---|
| fixed length control field | 00965cam a22002531 4500 |
| 001 - CONTROL NUMBER | |
| control field | sa 66005096 |
| 003 - CONTROL NUMBER IDENTIFIER | |
| control field | DLC |
| 005 - DATE AND TIME OF LATEST TRANSACTION | |
| control field | 20260227112247.0 |
| 008 - FIXED-LENGTH DATA ELEMENTS--GENERAL INFORMATION | |
| fixed length control field | 771031m19649999ii c 000 0 eng |
| 010 ## - LIBRARY OF CONGRESS CONTROL NUMBER | |
| LC control number | sa 66005096 |
| 035 ## - SYSTEM CONTROL NUMBER | |
| System control number | (OCoLC)3382823 |
| 040 ## - CATALOGING SOURCE | |
| Original cataloging agency | DLC |
| Transcribing agency | TxU |
| Modifying agency | TxU |
| -- | DLC |
| 042 ## - AUTHENTICATION CODE | |
| Authentication code | premarc |
| 050 00 - LIBRARY OF CONGRESS CALL NUMBER | |
| Classification number | Z6605.S3 |
| Item number | D4 |
| 110 2# - MAIN ENTRY--CORPORATE NAME | |
| Corporate name or jurisdiction name as entry element | Deccan College Post-graduate and Research Institute |
| 245 10 - TITLE STATEMENT | |
| Title | Catalogue of Sanskrit manuscripts in the Deccan College Postgraduate and Research Institute, Poona. |
| 260 ## - PUBLICATION, DISTRIBUTION, ETC. | |
| Place of publication, distribution, etc. | Poona, |
| Date of publication, distribution, etc. | 1964- |
| 300 ## - PHYSICAL DESCRIPTION | |
| Extent | v. |
| Dimensions | 25 cm. |
| 490 1# - SERIES STATEMENT | |
| Series statement | Its Deccan College Monograph series, |
| Volume/sequential designation | 28 |
| 505 0# - FORMATTED CONTENTS NOTE | |
| Formatted contents note | v. 1. Veda, edited by Madhukar Anant Mehendale.--v. 2. Kāvya manuscripts.--v. 3. Dharmaśastra manuscripts. |
| 650 #0 - SUBJECT ADDED ENTRY--TOPICAL TERM | |
| Topical term or geographic name entry element | Manuscripts, Sanskrit |
| Form subdivision | Catalogs. |
| 700 1# - ADDED ENTRY--PERSONAL NAME | |
| Personal name | Mehendale, M. A. |
| Fuller form of name | (Madhukar Anant) |
| Relator term | ed. |
| 810 2# - SERIES ADDED ENTRY--CORPORATE NAME | |
| Corporate name or jurisdiction name as entry element | Deccan College Post-graduate and Research Institute. |
| Title of a work | Deccan College Monograph series, |
| Volume/sequential designation | 28. |
No items available.